| 000 | 01719cam a2200277 4500 | ||
|---|---|---|---|
| 001 | ABS63392 | ||
| 008 | 000000n2001 000 0 eng u | ||
| 035 | _a(Sirsi) u110710 | ||
| 245 | _aReasonable access granted | ||
| 260 | _c2001 | ||
| 490 |
_aEstates Gazette _v(0101) 6 January 2001, 76-77(2) |
||
| 520 | _aA 'mainly for students' article outlining the obligations of landlords and tenants to make alterations to their premises by October 2004, where it is reasonable to do so, in order to allow access to services for people with disabilities under the Disability Discrimination Act 1995 Part III. Tenants, as occupiers, will have responsibility to ensure that the premises meet the needs of people with disabilities, but will not have the right to undertake works outside their demise. Landlords may not withhold consents for alterations unreasonably, but tenants may need to negotiate with them, neighbours and other occupiers regarding the necessary alterations, many of which may require planning permission. Examines the roles of access audits in the process and looks at the potential effects on rental and investment returns. | ||
| 590 | _aABS | ||
| 650 | _aMANAGEMENT-BUSINESS MANAGEMENT-DISCRIMINATION-DISABILITY DISCRIMINATION-ACCESSIBILITY-ACCESS AUDITS | ||
| 650 | _aDISABILITY DISCRIMINATION ACT 1995 PART III | ||
| 650 | _aMANAGEMENT-BUSINESS MANAGEMENT-DISCRIMINATION-DISABILITY DISCRIMINATION-ACCESSIBILITY | ||
| 650 | _aINVESTMENT RETURNS | ||
| 650 | _aLANDLORDS | ||
| 650 | _aMAINLY FOR STUDENTS | ||
| 650 | _aPEOPLE WITH DISABILITIES | ||
| 650 | _aRENTS | ||
| 650 | _aSERVICE PROVIDERS | ||
| 650 | _aTENANTS | ||
| 690 | _aBUILT ENVIRONMENT-BUILDING STANDARDS | ||
| 942 | _n0 | ||
| 999 |
_c65978 _d65978 |
||